| 000 | 00851cab a2200253 4500 | ||
|---|---|---|---|
| 001 | ABS59698 | ||
| 008 | 090401t1998 xxu||||| |||| 00| 0 eng d | ||
| 035 | _a(Sirsi) u89680 | ||
| 041 | _aeng | ||
| 100 | _aKiernan, E. | ||
| 245 | _aLate Payment of Commercial Debts (Interest) Act | ||
| 260 | _c1998 | ||
| 350 | _a0 | ||
| 490 |
_aBuilding Trade and Industry _v14(11) November 1998, 2(1) |
||
| 520 | _aDiscusses the Late Payment of Commercial Debts (Interest) Act, which provides certain businesses with a statutory right to claim interest on late payment of certain debts from other businesses. | ||
| 650 | _aBUSINESS CONTRACTS | ||
| 650 | _aBUSINESSES | ||
| 650 | _aLATE PAYMENT OF COMMERCIAL DEBTS (INTEREST) ACT 1998 | ||
| 650 | _aLATE PAYMENT | ||
| 650 | _aRATE OF INTEREST | ||
| 690 | _aLAW | ||
| 942 | _n0 | ||
| 948 | _c16/11/1998 | ||
| 999 |
_c56761 _d56761 |
||